Arménska genocída v kontexte spolupráce Armavirskej oblasti a Trnavského samosprávneho kraja

Bibliographic Details
Main Author: Mikuš, Tibor, 1952- (Author)
Other Authors: Štaffa, Juraj (Photographer), Krajčovič, Ivan, 1960- (Photographer), Velšic, Patrik (Photographer)
Format: Book
Language:Slovak
Russian
PhysicalDescription:91 s. erby, fotogr., ilustr. 21 cm
Published: Trnava Trnavský samosprávny kraj 2016
ISBN:9788089759286
Subjects:

MARC

LEADER 00000nam a2200000 a 4500
001 vtls011598122
003 SK-MaSNL
005 20260301140930.0
008 240318s2016 xo hoa g 000 0dslo
015 |a SNBA2017/01 
020 |a 9788089759286  |q (brož.) 
035 |a urn:nbn:sk:snk-am00gj83 
035 |a urn:nbn:sk:snk-am3j4wj 
035 |a C613F333-AB7F-487F-B14B-3870BCE313C9 
040 |a SNK  |b slo  |c SNK  |e AACR2 
041 0 |a slo  |a rus 
043 |a e-xo---  |a a-ai---  |a e-ru--- 
044 |a xo  |c SK 
072 7 |a 316.7  |x Sociológia kultúry. Kultúrny život  |2 konspekt 
072 7 |a 323  |x Vnútropolitický vývoj, politický život  |2 konspekt 
080 |a 323.12  |2 2011 
080 |a (437.6)  |2 2011 
080 |a (479.25)  |2 2011 
080 |a (470)  |2 2011 
080 |a 316.72/.75  |2 2011 
080 |a 341.221.4  |2 2011 
080 |a (048.8)  |2 2011 
100 1 |a Mikuš, Tibor,  |d 1952-  |4 aut  |9 107719 
245 1 0 |a Arménska genocída v kontexte spolupráce Armavirskej oblasti a Trnavského samosprávneho kraja  |c Tibor Mikuš a kolektív ; [fotografie: Juraj Štaffa, Ivan Krajčovič, Patrik Velšic] 
260 |a Trnava  |b Trnavský samosprávny kraj  |c 2016 
300 |a 91 s.  |b erby, fotogr., ilustr.  |c 21 cm 
366 |e 80 výtlačkov. Nepredajné 
500 |a Biografické údaje 
546 |a Čiastočne súbežný text v ruštine 
610 1 7 |a Trnavský samosprávny kraj (Slovensko).  |b Úrad  |2 SNKPH  |9 139372 
610 1 7 |a Trnavský samosprávny kraj (Slovensko).  |b Úrad  |2 SNKPHeng  |9 139372 
650 0 7 |a genocída  |z Arménsko  |2 SNKPH  |9 487272 
650 0 7 |a Genocide  |z Armenia  |2 SNKPHeng  |9 487273 
651 7 |a Armavir (Rusko)  |x kultúrne vzťahy  |2 SNKPH  |9 494249 
655 7 |a monografie  |2 SNKPH  |9 70139 
655 7 |a Monographs  |2 SNKPHeng  |9 120675 
700 1 |a Štaffa, Juraj  |4 pht  |9 270847 
700 1 |a Krajčovič, Ivan,  |d 1960-  |4 pht  |9 172459 
700 1 |a Velšic, Patrik  |4 pht  |9 494250 
919 |a 978-80-89759-28-6 
999 |c 765482  |d 767412 
952 |a SNK  |b SNK  |y PREZ  |7 0  |p 17A1250173  |o snkSC 172266  |i snk2016/28240  |8 0  |0 0  |1 0  |4 0  |d 2016-12-07  |f 1  |l 0  |r 2025-09-10 00:00:00  |w 2026-02-24 
952 |a SNK  |b SNK  |y VYP  |7 0  |p 17A1250172  |o snkSC 172266 D1  |i snk2016/28241  |8 0  |0 0  |1 0  |4 0  |d 2016-12-07  |l 0  |r 2026-02-24 00:17:45  |w 2026-02-24